000 00552nam a22001937a 4500
003 MPLRDC
005 20220104124557.0
008 210129b ||||| |||| 00| 0 eng d
020 _a957-32-4726-7
082 _a857.62 CHR-9 v.22
100 _aAGATHA CHRISTIE
245 _a国际学舍谋杀案
_c徐燕军 译
250 _a初版二刷
260 _a台湾
_b远流出版事业股份有限公司
_c2004
300 _b261
490 _a克莉丝蒂推理全集. 22 白罗神探系列
650 _a推理小说
942 _cBK
_o857.62 CHR-9 v.22
999 _c20446
_d20436